000 01146cam a22003257a 4500
003 CHAP
005 20220329142106.0
008 990615d1995 mx r 00110 spa d
010 _a78286
011 _a79258
020 _a9706205888
035 _a89428
040 _cCHAP
082 0 4 _a146.4
_bM5
100 0 0 _aMiranda, José Porfirio.
_976127
245 1 0 _aApelo a la razón :
_bteoría de la ciencia y crítica del positivismo
_c/por José Porfirio Miranda
260 _aAzcapotzalco, Méx. :
_bUniversidad Autónoma Metropolitana. Unidad Azcapotzalco. División de Ciencias Sociales y Humanidades,
_c1995.
300 _a606 p.
590 _aBATCH-UPD
_b10
_c20130110
_lUCH01
_h0801
590 _aBATCH-UPD
_b10
_c20130410
_lUCH01
_h0440
590 _aBATCH-UPD
_b10
_c20130914
_lUCH01
_h0933
590 _aCONVERSION
_b10
_c20130109
_lUCH01
_h1343
650 1 4 _aCiencia.
_923107
650 1 4 _aPositivismo.
_991048
901 _aBK
905 _aBlanca M. García O.
942 _cLIBRO
949 _a146.4 M5
_bBC
_cLIBRO
_d33724000726592
_eLIBRO
_fc.2
_h95762
_i89428
_si
949 _a146.4 M5
_bBC
_cLIBRO
_d33724000726600
_eLIBRO
_h95761
_i89428
_si
999 _c78286
_d78286